Ensayos de historia monetaria y bancaria de Colombia (Registro nro. 12022)
[ vista simple ]
| 000 -LEADER | |
|---|---|
| fixed length control field | 01599nam a2200277Ia 4500 |
| 003 - CONTROL NUMBER IDENTIFIER | |
| control field | OSt |
| 005 - DATE AND TIME OF LATEST TRANSACTION | |
| control field | 20210728140427.0 |
| 008 - FIXED-LENGTH DATA ELEMENTS--GENERAL INFORMATION | |
| fixed length control field | 130821s1994 ck a gr spa |
| 020 ## - INTERNATIONAL STANDARD BOOK NUMBER | |
| International Standard Book Number | 9586014754 |
| 040 ## - CATALOGING SOURCE | |
| Original cataloging agency | Co-BoUCM |
| Language of cataloging | spa |
| Transcribing agency | CO-JMCR |
| 041 0# - LANGUAGE CODE | |
| Language code of text/sound track or separate title | spa |
| 082 04 - DEWEY DECIMAL CLASSIFICATION NUMBER | |
| Classification number | 332.46 / |
| Item number | S211e |
| Edition number | 23 |
| 100 1# - MAIN ENTRY--PERSONAL NAME | |
| Personal name | Sánchez Torres, Fabio, |
| Relator term | compilador |
| 9 (RLIN) | 1707 |
| 245 10 - TITLE STATEMENT | |
| Title | Ensayos de historia monetaria y bancaria de Colombia |
| Statement of responsibility, etc. | Fabio Sǹchez Torres, compilador. |
| 260 ## - PUBLICATION, DISTRIBUTION, ETC. | |
| Place of publication, distribution, etc. | Bogotá : |
| Name of publisher, distributor, etc. | Tercer Mundo, |
| Date of publication, distribution, etc. | 1994. |
| 300 ## - PHYSICAL DESCRIPTION | |
| Extent | xiv, 331 páginas : |
| Other physical details | ilustraciones y gráficos en blanco y negro ; |
| Dimensions | 23 cm. |
| 490 #0 - SERIES STATEMENT | |
| Series statement | Historia Económica |
| 504 ## - BIBLIOGRAPHY, ETC. NOTE | |
| Bibliography, etc. note | Bibliografía al final de cada capitulo |
| 505 0# - FORMATTED CONTENTS NOTE | |
| Title | Regímenes monetarios variables en una economía preindustrial: Colombia 1850-1930. / |
| Statement of responsibility | José Antonio Ocampo. -- |
| Title | Moneda y política monetaria en Colombia, 1920-1939. / |
| Statement of responsibility | Fabio Sánchez Torres. -- |
| Title | Inflación y mercados cambiarios durante la regeneración y la guerra de los mil días. Un análisis econométrico. / |
| Statement of responsibility | Adolfo Meisel Roca. -- |
| Title | El banco de Antioquia y el banco de Sucre 1872-1920. / |
| Statement of responsibility | María Mercedes Botero Restrepo. -- |
| Title | Los bancos de la Costa Caribe, 1873-1925. / |
| Statement of responsibility | Adolfo Meisel Roca. -- |
| Title | La banca privada en Bogotá: 1870-1922. / |
| Statement of responsibility | Carmen Astrid Romero. -- |
| Title | Banca libre: la experiencia colombiana en el siglo XIX. / |
| Statement of responsibility | Lina María Echeverri Pérez. |
| 650 14 - SUBJECT ADDED ENTRY--TOPICAL TERM | |
| Topical term or geographic name entry element | Bancos |
| Geographic subdivision | Colombia |
| 9 (RLIN) | 9920 |
| 650 24 - SUBJECT ADDED ENTRY--TOPICAL TERM | |
| Topical term or geographic name entry element | Crďito |
| 9 (RLIN) | 12109 |
| 650 24 - SUBJECT ADDED ENTRY--TOPICAL TERM | |
| Topical term or geographic name entry element | Finanzas |
| 9 (RLIN) | 7628 |
| 650 24 - SUBJECT ADDED ENTRY--TOPICAL TERM | |
| Topical term or geographic name entry element | Política monetaria |
| Geographic subdivision | Colombia |
| 9 (RLIN) | 22001 |
| 700 1# - ADDED ENTRY--PERSONAL NAME | |
| Personal name | Sánchez Torres, Fabio, |
| Relator term | compilador |
| 9 (RLIN) | 1707 |
| 942 ## - ADDED ENTRY ELEMENTS (KOHA) | |
| Koha item type | Books |
| Source of classification or shelving scheme | Dewey Decimal Classification |
| Withdrawn status | Lost status | Source of classification or shelving scheme | Damaged status | Not for loan | Home library | Current library | Shelving location | Date acquired | Source of acquisition | Full call number | Barcode | Date last seen | Copy number | Price effective from | Koha item type |
|---|---|---|---|---|---|---|---|---|---|---|---|---|---|---|---|
| Dewey Decimal Classification | Biblioteca Pública José María del Castillo y Rada | Biblioteca Pública José María del Castillo y Rada | General Stacks | 04/15/2018 | Donación | 332.46 / S211e | 430002321 | 05/16/2024 | Ej.1 | 03/10/2021 | Books |